000 01106pam a2200325 a 4500
999 _c329964
_d329964
001 2911470
003 NUST
005 20180117090026.0
008 880919s1989 nyua b 001 0 eng
010 _a 88030097
020 _a0716719991
020 _a0716720000 (pbk.)
040 _aDLC
_cDLC
_dDLC
050 0 0 _aQP385.5
_b.S67 1989
082 0 0 _a612/.825
_219
100 1 _aSpringer, Sally P.,
_d1947-
_91852
245 1 0 _aLeft brain, right brain /
_cSally P. Springer, Georg Deutsch.
250 _a3rd ed.
260 _aNew York :
_bW.H. Freeman,
_cc1989.
300 _axiii, 394 p. :
_bill. ;
_c24 cm.
500 _aIncludes index.
504 _aBibliography: p. [335]-385.
650 0 _aCerebral dominance.
_91853
650 0 _aBrain
_xLocalization of functions.
_91854
650 0 _aLeft and right (Psychology)
_91855
700 1 _aDeutsch, Georg.
_91856
906 _a7
_bcbc
_corignew
_d1
_eocip
_f19
_gy-gencatlg
942 _2ddc
_cBK